Entrepreneur Magazine Europe

Prehľad najdôležitejších nápadov a vývojových trendov, ktoré ovplyvňujú ich obchodné úspechy. Uvádzanie produktov alebo podnikov na trh. Financovanie, zručnosti a umelá inteligencia.

Salvato in:
Dettagli Bibliografici
Natura: Periodico
Lingua:inglese
Pubblicazione: Santa Ana Entrepreneur Media
Soggetti:
Tags: Aggiungi Tag
Nessun Tag, puoi essere il primo ad aggiungerne!!

MARC

LEADER 00000nas1a2200000 4500
001 0312603
005 20260227103105.8
022 |a 2977-9006 
022 |a 2977-9014 
041 0 |a eng 
044 |a US 
245 1 0 |a Entrepreneur Magazine  |b Europe 
264 1 |a Santa Ana  |b Entrepreneur Media 
520 |a Prehľad najdôležitejších nápadov a vývojových trendov, ktoré ovplyvňujú ich obchodné úspechy. Uvádzanie produktov alebo podnikov na trh. Financovanie, zručnosti a umelá inteligencia. 
610 2 0 |a obchod 
610 2 0 |a marketing 
610 2 0 |a manažment inovačný 
610 2 0 |a manažment produktový 
610 2 0 |a inteligencia umelá